| 000 | 00382nam a22001577a 4500 | ||
|---|---|---|---|
| 005 | 20160630104636.0 | ||
| 008 | 160630b xxu||||| |||| 00| 0 eng d | ||
| 041 | _aeng | ||
| 082 | _b19444 | ||
| 100 |
_aGupta, Dr. B R & Singhal, V _93273 |
||
| 245 | _aPower Electronic | ||
| 260 |
_bS.K. Kataria & Sons _c2012 |
||
| 300 | _a596 | ||
| 650 |
_aDiploma Engineering _9817 |
||
| 942 | _cBK | ||
| 999 |
_c4856 _d4854 |
||